Стихотворения

Detalles Bibliográficos
Autor principal: Колас Я. Якуб
Otros Autores: Лужанин М. Максим (автор предисловия), Шарангович В. (иллюстратор)
Sumario:На пер. загл. не указано
Переводчики указаны в содержании
Окрашенный верхний обрез
Книга подготовлена и выпущена на общественных началах сотрудниками издательства "Беларусь" и Минского полиграфического комбината имени Якуба Коласа.
Lenguaje:ruso
Publicado: Минск, Беларусь, 1967
Materias:
Formato: Libro
KOHA link:https://koha.lib.tpu.ru/cgi-bin/koha/opac-detail.pl?biblionumber=245994

MARC

LEADER 00000nam0a2200000 4500
001 245994
005 20231101232153.0
010 |b 6000 экз. 
035 |a (RuTPU)RU\TPU\book\267432 
090 |a 245994 
100 |a 20131121d1967 m y0rusy50 ca 
101 1 |a rus  |c bel 
102 |a BY 
105 |a ac z 000gy 
200 1 |a Стихотворения  |f Я. Колас  |g авт. предисл. М. Лужанин ; худож. В. Шарангович 
210 |a Минск  |c Беларусь  |d 1967 
215 |a 104 с.  |c ил., портр.  |d 5 см. 
300 |a На пер. загл. не указано 
300 |a Переводчики указаны в содержании 
300 |a Окрашенный верхний обрез 
300 |a Книга подготовлена и выпущена на общественных началах сотрудниками издательства "Беларусь" и Минского полиграфического комбината имени Якуба Коласа. 
606 |a Белорусская литература  |2 stltpush  |3 (RuTPU)RU\TPU\subj\28192  |9 51766 
610 1 |a поэзия 
610 1 |a 20 век 
610 1 |a миниатюрные издания 
675 |a 882.6  |v 3 
700 1 |a Колас  |b Я.  |g Якуб 
702 1 |a Лужанин  |b М.  |g Максим  |4 080 
702 1 |a Шарангович  |b В.  |4 440 
801 1 |a RU  |b 63413507  |c 20131121 
801 2 |a RU  |b 63413507  |c 20180703  |g RCR 
942 |c BK